Walking Across Countries #2 - Sudden Death - Statistics

General Stats
  • This quiz has been taken 897 times
  • The average score is 10 of 32
Answers on the Grid
Answers color-coded by a green-red scale on the quiz's grid according to % correct below.
Start here:
Egypt
Libya
Mali
Spain
Turkey
Morocco
Algeria
Liberia
Benin
Niger
Mauritania
Ghana
Guinea Bissau
Togo
Nigeria
Senegal
Guinea
Ivory Coast
Burkina Faso
Cameroon
Sierra Leone
Cape Verde
Gabon
Somalia
Chad
Burundi
Kenya
Ethiopia
Eritrea
Sudan
Central African Republic
South Sudan
Saudi Arabia
United Arab Emirates
United Kingdom
Republic of the Congo
Equatorial Guinea
Tanzania
Malawi
Mozambique
Angola
Rwanda
Uganda
Botswana
Eswatini
Zambia
D.R. Congo
Namibia
Lesotho
End here:
South Africa
 
Answer Stats
Answer % Correct
Start here:
Egypt
90%
Libya
87%
Algeria
71%
Morocco
63%
Mauritania
58%
Senegal
49%
Guinea
39%
Sudan
36%
Ivory Coast
30%
Chad
29%
Cameroon
28%
Burkina Faso
27%
Eritrea
27%
South Sudan
26%
Ethiopia
25%
Kenya
25%
Nigeria
25%
Togo
23%
End here:
South Africa
21%
Niger
21%
Central African Republic
20%
Republic of the Congo
20%
D.R. Congo
19%
Benin
18%
Zambia
17%
Angola
16%
Mozambique
16%
Uganda
16%
Tanzania
15%
Eswatini
14%
Rwanda
14%
Malawi
13%
No matching quizzes found
Score Distribution
Percent of People with Each Score
Percentile by Number Answered
Your Score History
You have not taken this quiz